| 000 | 00702nam a2200217 4500 | ||
|---|---|---|---|
| 001 | 136842 | ||
| 003 | ES-MaACL | ||
| 005 | 20230906195236.0 | ||
| 007 | t| | ||
| 008 | 070214s1986 sp r ||||1| spa d | ||
| 020 | _a84-505-3600-6 | ||
| 100 | 1 |
_aSahagún, Felipe. _9101472 |
|
| 245 | 1 | 3 |
_aEl mundo fue noticia _b: corresponsales españoles en el extranjero : la información internacional en España / _cFelipe Sahagún. |
| 260 |
_aMadrid : _bFundación Banco Exterior, _c1986. |
||
| 300 |
_a302 p. ; _c23 cm. |
||
| 490 | 1 | _aInvestigaciones | |
| 710 | 2 |
_aFundación Banco Exterior. _94226 |
|
| 830 | 0 |
_aInvestigaciones _9178290 |
|
| 852 |
_aES-MaACL _jL-11252 _bR.112894 |
||
| 999 |
_c136842 _d136842 |
||